{"text_format":"3","workbook":"xlsx","n_sheets":11,"sheets":["招标控制价","工程项目造价汇总表","单项工程造价汇总表","单位工程造价汇总表","分部分项工程量清单与计价表","总价措施项目清单与计价表","单价措施项目清单与计价表","其他项目清单与计价汇总表","暂列金额明细表","单价措施项目清单综合单价分析表","人工、材料设备、机械汇总表"],"not_rendered":{"defined_names":1},"read":"whole","date_system":"1900"}

{"sheet":"招标控制价","index":0,"n_rows":31,"n_cols":7,"rows_kept":31,"merged":[[0,0,0,6],[1,0,1,6],[2,0,2,6],[3,0,3,6],[4,0,4,6],[5,0,5,6],[6,0,6,6],[7,0,7,6],[8,0,8,2],[8,4,8,5],[9,1,9,3],[9,4,9,5],[10,1,10,3],[10,4,10,5],[11,0,11,6],[12,0,12,1],[12,2,12,3],[12,5,12,6],[13,0,13,1],[13,2,13,3],[13,5,13,6],[14,0,14,6],[15,0,15,6],[16,0,16,6],[17,0,17,1],[17,2,17,3],[17,5,17,6],[18,0,18,1],[18,2,18,3],[18,5,18,6],[19,0,19,6],[20,0,20,6],[21,0,21,6],[22,0,22,1],[22,2,22,3],[22,5,22,6],[23,0,23,1],[23,2,23,3],[23,5,23,6],[24,0,24,6],[25,0,25,6],[26,0,26,6],[27,0,27,6],[28,0,28,1],[28,2,28,3],[28,5,28,6],[29,0,29,6],[30,0,30,6]]}
[""]
[""]
["福建建祥机制砂箱式变新建工程"]
[""]
[""]
["招 标 控 制 价"]
[""]
[""]
["招标控制价(小写):",null,null,"169658元","其中：甲供材料费",null,""]
["","",null,null,"",null,""]
["(大写):","壹拾陆万玖仟陆佰伍拾捌圆整",null,null,"其中：甲供材料费",null,""]
[""]
["招  标  人:",null,"",null,"造价咨询人:",""]
["",null,"(盖单位公章)",null,"","(盖单位公章)"]
[""]
[""]
[""]
["法定代表人\n或其授权人:",null,"",null,"法定代表人\n或其授权人:",""]
["",null,"(签字或盖章)",null,"","(签字或盖章)"]
[""]
[""]
[""]
["编  制  人:",null,"",null,"审  核  人:",""]
["",null,"(签字)",null,"","(签字、加盖执业印章)"]
[""]
[""]
[""]
[""]
["编 制 时 间:",{"$nulls":3},"审 核 时 间:"]
[""]
[""]

{"sheet":"工程项目造价汇总表","index":1,"n_rows":7,"n_cols":5,"rows_kept":7,"merged":[[0,3,0,4],[1,0,1,4],[2,0,2,2],[2,3,2,4],[3,0,4,0],[3,1,4,1],[3,2,4,2],[3,3,3,4],[6,0,6,1]]}
["","","",""]
["工程项目造价汇总表"]
["工程名称:福建建祥机制砂箱式变新建工程",null,null,"第1页 共1页"]
["序号","单项工程名称","金额(元)","其中"]
[{"$nulls":3},"安全文明施工费(元)","人工费\n（元）"]
["1","单项工程",{"v":169658,"d":"169658.00"},{"v":1413,"d":"1413.00"},{"v":12409,"d":"12409.00"}]
["合  计",null,{"v":169658,"d":"169658.00"},{"v":1413,"d":"1413.00"},{"v":12409,"d":"12409.00"}]

{"sheet":"单项工程造价汇总表","index":2,"n_rows":10,"n_cols":5,"rows_kept":10,"merged":[[0,3,0,4],[1,0,1,4],[2,0,2,4],[3,0,3,2],[3,3,3,4],[4,0,5,0],[4,1,5,1],[4,2,5,2],[4,3,4,4],[9,0,9,1]]}
["","","",""]
["单项工程造价汇总表"]
[""]
["工程名称：福建建祥机制砂箱式变新建工程  单项工程",null,null,"第1页 共1页"]
["序号","单位工程名称","金额(元)"," 其中"]
[{"$nulls":3},"安全文明施工费(元)","人工费\n（元）"]
["1","房屋建筑与装饰工程",{"v":27914,"d":"27914.00"},{"v":577,"d":"577.00"},{"v":5385,"d":"5385.00"}]
["2","安装工程"]
["3","市政工程",{"v":141744,"d":"141744.00"},{"v":836,"d":"836.00"},{"v":7024,"d":"7024.00"}]
["合        计",null,{"v":169658,"d":"169658.00"},{"v":1413,"d":"1413.00"},{"v":12409,"d":"12409.00"}]

{"sheet":"单位工程造价汇总表","index":3,"n_rows":48,"n_cols":4,"rows_kept":48,"merged":[[0,0,0,3],[1,0,1,3],[2,0,2,2],[3,2,3,3],[4,2,4,3],[5,2,5,3],[6,2,6,3],[7,2,7,3],[8,2,8,3],[9,2,9,3],[10,2,10,3],[11,2,11,3],[12,2,12,3],[13,2,13,3],[14,2,14,3],[15,0,15,1],[15,2,15,3],[16,0,16,3],[17,0,17,3],[18,0,18,2],[19,2,19,3],[20,2,20,3],[21,2,21,3],[22,2,22,3],[23,2,23,3],[24,2,24,3],[25,2,25,3],[26,2,26,3],[27,2,27,3],[28,2,28,3],[29,2,29,3],[30,2,30,3],[31,0,31,1],[31,2,31,3],[32,0,32,3],[33,0,33,3],[34,0,34,2],[35,2,35,3],[36,2,36,3],[37,2,37,3],[38,2,38,3],[39,2,39,3],[40,2,40,3],[41,2,41,3],[42,2,42,3],[43,2,43,3],[44,2,44,3],[45,2,45,3],[46,2,46,3],[47,0,47,1],[47,2,47,3]]}
["单位工程造价汇总表"]
[""]
["工程名称：福建建祥机制砂箱式变新建工程  单项工程  房屋建筑与装饰工程",null,null,"第1页 共3页"]
["序号","汇 总 内 容","金 额(元)"]
["1","分部分项工程费",{"v":27204,"d":"27204.00"}]
["1.1","一般土建",{"v":27204,"d":"27204.00"}]
["2","措施项目费",{"v":710,"d":"710.00"}]
["2.1","总价措施项目费",{"v":710,"d":"710.00"}]
["2.1.1","安全文明施工费",{"v":577,"d":"577.00"}]
["2.1.2","其他总价措施费",{"v":133,"d":"133.00"}]
["2.2","单价措施项目费"]
["3","其他项目费"]
["3.1","暂列金额"]
["3.2","专业工程暂估价"]
["3.3","总承包服务费"]
["合  计=1+2+3",null,{"v":27914,"d":"27914.00"}]
["单位工程造价汇总表"]
[""]
["工程名称：福建建祥机制砂箱式变新建工程  单项工程  安装工程",null,null,"第2页 共3页"]
["序号","汇 总 内 容","金 额(元)"]
["1","分部分项工程费"]
["1.1","电气工程"]
["2","措施项目费"]
["2.1","总价措施项目费"]
["2.1.1","安全文明施工费"]
["2.1.2","其他总价措施费"]
["2.2","单价措施项目费"]
["3","其他项目费"]
["3.1","暂列金额"]
["3.2","专业工程暂估价"]
["3.3","总承包服务费"]
["合  计=1+2+3"]
["单位工程造价汇总表"]
[""]
["工程名称：福建建祥机制砂箱式变新建工程  单项工程  市政工程",null,null,"第3页 共3页"]
["序号","汇 总 内 容","金 额(元)"]
["1","分部分项工程费",{"v":140715,"d":"140715.00"}]
["1.1","电气工程",{"v":140715,"d":"140715.00"}]
["2","措施项目费",{"v":1029,"d":"1029.00"}]
["2.1","总价措施项目费",{"v":1029,"d":"1029.00"}]
["2.1.1","安全文明施工费",{"v":836,"d":"836.00"}]
["2.1.2","其他总价措施费",{"v":193,"d":"193.00"}]
["2.2","单价措施项目费"]
["3","其他项目费"]
["3.1","暂列金额"]
["3.2","专业工程暂估价"]
["3.3","总承包服务费"]
["合  计=1+2+3",null,{"v":141744,"d":"141744.00"}]

{"sheet":"分部分项工程量清单与计价表","index":4,"n_rows":43,"n_cols":11,"rows_kept":43,"merged":[[0,0,0,9],[1,0,1,9],[2,0,2,7],[2,8,2,9],[3,0,4,1],[3,2,4,2],[3,3,4,3],[3,4,4,4],[3,5,4,5],[3,6,4,6],[3,7,3,9],[4,7,4,8],[5,0,5,9],[6,0,6,9],[7,0,7,9],[8,0,8,1],[8,7,8,8],[9,0,9,1],[9,7,9,8],[10,0,10,1],[10,7,10,8],[11,0,11,1],[11,7,11,8],[12,0,12,1],[12,7,12,8],[13,0,13,9],[14,0,14,9],[15,0,15,9],[16,0,16,9],[17,0,17,1],[17,7,17,8],[18,0,18,1],[18,7,18,8],[19,0,19,1],[19,7,19,8],[20,0,20,1],[20,7,20,8],[21,0,21,9],[22,0,22,9],[23,0,23,7],[23,8,23,9],[24,0,25,1],[24,2,25,2],[24,3,25,3],[24,4,25,4],[24,5,25,5],[24,6,25,6],[24,7,24,9],[25,7,25,8],[26,0,26,1],[26,7,26,8],[27,0,27,1],[27,7,27,8],[28,0,28,1],[28,7,28,8],[29,0,29,1],[29,7,29,8],[30,0,30,1],[30,7,30,8],[31,0,31,1],[31,7,31,8],[32,0,32,1],[32,7,32,8],[33,0,33,1],[33,7,33,8],[34,0,34,1],[34,7,34,8],[35,0,35,1],[35,7,35,8],[36,0,36,1],[36,7,36,8],[37,0,37,1],[37,7,37,8],[38,0,38,1],[38,7,38,8],[39,0,39,1],[39,7,39,8],[40,0,40,1],[40,7,40,8],[41,0,41,1],[41,7,41,8],[42,0,42,8]]}
["分部分项工程量清单与计价表",{"$nulls":9},""]
["",{"$nulls":9},""]
["工程名称：福建建祥机制砂箱式变新建工程",{"$nulls":7},"第1页 共2页",null,""]
["序号",null,"项目编码","项目名称","项目特征描述","计量单位","工程量","金    额(元)",null,null,""]
[{"$nulls":7},"综合单价",null,"合价",""]
["单项工程",{"$nulls":9},"单项工程(17市政)"]
["房屋建筑与装饰工程",{"$nulls":9},"单位工程(17市政)"]
["一般土建",{"$nulls":9},"分项工程(17市政)"]
["1",null,"030402018003","组合型成套箱式变基础","(1)欧式箱变\n(2)500kvA\n(3)10kV\n(4)欧式,硅钢片,普通,环网柜","座",{"v":1,"d":"1.000"},5361.01,null,5361.01,""]
["2",null,"040504001001","砌筑井（1.47*0.72*1.1工作井，破250mm砼路面1座、破松砂石1座）","(1)钢筋混凝土C30，素混凝土C25\n(2)M5水泥砂浆\n(3)硫化橡胶钢骨架防盗复合井盖，圆形φ750，D400\n(4)C15，100mm厚\n(5)MU10混凝土实心砖，240mm厚\n(6)砖砌体水泥砂浆抹面\n(7)无\n(8)硫化橡胶钢骨架防盗复合井盖，圆形φ750，D400","座",{"v":2,"d":"2.000"},3671.81,null,7343.62,""]
["3",null,"010507003001","电缆沟、地沟、明暗沟（N1/2，坚土30米）","(1)松沙石\n(2)松沙石\n(3)上0.73m，下0.53m，高0.9m\n(4)C15、100mm厚\n(5)现场拌制，C20\n(6)砂","m",{"v":30,"d":"30.000"},451.43,null,{"v":13542.9,"d":"13542.90"},""]
["4",null,"030409002002","接地母线","(1)-50X5\n(2)接地扁钢","m",{"v":30,"d":"30.000"},24.84,null,{"v":745.2,"d":"745.20"},""]
["5",null,"030409001002","接地极","(1)∠50×5，2500mm\n(2)角钢，镀\n(3)接地极\n(4)松砂石","根",{"v":2,"d":"2.000"},105.61,null,211.22,""]
["安装工程",{"$nulls":9},"单位工程(17安装)"]
["电气工程",{"$nulls":9},"分项工程(17安装)"]
["市政工程",{"$nulls":9},"单位工程(17市政)"]
["电气工程",{"$nulls":9},"分项工程(17市政)"]
["6",null,"030402018010","组合型成套箱式变电站（S20-250KVA）","(1)10kV箱式变电站\n(2)250kVA\n(3)10kV\n(4)S20-250KVA,美式,硅钢片,普通，终端型","台",{"v":1,"d":"1.000"},103471.92,null,103471.92,""]
["7",null,"030414001003","电力变压器系统","(1)变压器系统调试(容量≤800kV·A)","系统",{"v":1,"d":"1.000"},1641.75,null,1641.75,""]
["8",null,"030402018011","组合型成套箱式变电站标准化","(1)组合型成套箱式变电站标准化","套",{"v":1,"d":"1.000"},1032.02,null,1032.02,""]
["9",null,"030408001003","电力电缆（高压电力电缆YJV22-3*50）","(1)电力电缆，AC10kV，YJV，50，3，22，ZC,无阻水\n(2)电缆沟内或排管内","m",{"v":56,"d":"56.000"},189.53,null,10613.68,""]
["分部分项工程量清单与计价表",{"$nulls":9},""]
["",{"$nulls":9},""]
["工程名称：福建建祥机制砂箱式变新建工程",{"$nulls":7},"第2页 共2页",null,""]
["序号",null,"项目编码","项目名称","项目特征描述","计量单位","工程量","金    额(元)",null,null,""]
[{"$nulls":7},"综合单价",null,"合价",""]
["",null,"","","","",{"$nulls":4},""]
["10",null,"030408006003","电力电缆头（高压电力电缆终端3*50）","(1)10kV电力电缆终端\n(2)环网柜内或开关柜内\n(3)3*50，户内冷缩，铜\n(4)10kV\n(5)铜芯","个",{"v":2,"d":"2.000"},446.94,null,893.88,""]
["11",null,"030414015003","电缆试验","(1)电缆试验\n(2)10kV","根",{"v":1,"d":"1.000"},2160.07,null,2160.07,""]
["12",null,"030408008003","防火堵料","(1)防火堵料","kg",{"v":40,"d":"40.000"},44.79,null,{"v":1791.6,"d":"1791.60"},""]
["13",null,"050307008003","箱变围栏","(1)围栏高度:箱式变围栏，采用不锈钢","m2",{"v":24.4,"d":"24.400"},497.42,null,12137.05,""]
["14",null,"030409001004","接地极","(1)L50X5X2500\n(2)接地角钢\n(3)坚土","根",{"v":8,"d":"8.000"},120.96,null,967.68,""]
["15",null,"030409002004","接地母线","(1)-50X5\n(2)接地扁钢","m",{"v":51,"d":"51.000"},{"v":47.8,"d":"47.80"},null,{"v":2437.8,"d":"2437.80"},""]
["16",null,"030414011003","接地装置","(1)接地网\n(2)接地网","系统",{"v":1,"d":"1.000"},822.97,null,822.97,""]
["17",null,"030408003003","电缆保护管（电缆上杆钢管）","(1)电缆保护管\n(2)MMP,φ150\n(3)上杆","m",{"v":3,"d":"3.000"},{"v":132.2,"d":"132.20"},null,{"v":396.6,"d":"396.60"},""]
["18",null,"030410002003","铁件","(1)丘陵100%\n(2)成套铁附件\n(3)Z-M-15杆头成套铁件材料","kg",{"v":67.6,"d":"67.600"},10.75,null,{"v":726.7,"d":"726.70"},""]
["19",null,"030410004017","杆上设备拆除（S11-250kVA）","(1)S11-250kVA\n(2)杆上变","台",{"v":1,"d":"1.000"},759.62,null,759.62,""]
["20",null,"030410004018","杆上设备拆除（隔离开关）","(1)隔离开关","组",{"v":1,"d":"1.000"},173.74,null,173.74,""]
["21",null,"030410004019","杆上设备拆除（跌落开关）","(1)跌落开关","组",{"v":1,"d":"1.000"},39.46,null,39.46,""]
["22",null,"030410004020","杆上设备拆除（避雷器）","(1)避雷器","组",{"v":1,"d":"1.000"},151.18,null,151.18,""]
["23",null,"030410001003","电杆拆除(12m)","(1)非预应力，整根杆，12m，190mm，M\n(2)丘陵100%","根/基",{"v":2,"d":"2.000"},189.45,null,{"v":378.9,"d":"378.90"},""]
["24",null,"030413001003","铁构件拆除","(1)铁件拆除\n(2)丘陵100%","t",{"v":0.08,"d":"0.080"},1477.18,null,118.17,""]
["合        计",{"$nulls":8},167918.74,""]

{"sheet":"总价措施项目清单与计价表","index":5,"n_rows":21,"n_cols":5,"rows_kept":21,"merged":[[0,0,0,4],[1,0,1,4],[2,0,2,3],[4,0,4,4],[5,0,5,4],[10,0,10,4],[15,0,15,4],[20,0,20,3]]}
["总价措施项目清单与计价表"]
[""]
["工程名称：福建建祥机制砂箱式变新建工程",{"$nulls":3},"第1页 共1页"]
["序号","项 目 名 称","计 算 基 础\n(元)","费    率(%)","金    额(元)"]
["单项工程"]
["房屋建筑与装饰工程"]
["1","安全文明施工费",{"v":27204,"d":"27204.00"},"/",{"v":577,"d":"577.00"}]
["1.1","一般土建",{"v":27204,"d":"27204.00"},"2.12",{"v":577,"d":"577.00"}]
["2","其他总价措施费",{"v":27204,"d":"27204.00"},"/",{"v":133,"d":"133.00"}]
["2.1","一般土建",{"v":27204,"d":"27204.00"},"0.49",{"v":133,"d":"133.00"}]
["安装工程"]
["1","安全文明施工费",null,"/"]
["1.1","电气工程",null,"2.14"]
["2","其他总价措施费",null,"/"]
["2.1","电气工程",null,"0.44"]
["市政工程"]
["1","安全文明施工费",{"v":39432,"d":"39432.00"},"/",{"v":836,"d":"836.00"}]
["1.1","电气工程",{"v":39432,"d":"39432.00"},"2.12",{"v":836,"d":"836.00"}]
["2","其他总价措施费",{"v":39432,"d":"39432.00"},"/",{"v":193,"d":"193.00"}]
["2.1","电气工程",{"v":39432,"d":"39432.00"},"0.49",{"v":193,"d":"193.00"}]
["合    计",{"$nulls":3},{"v":1739,"d":"1739.00"}]

{"sheet":"单价措施项目清单与计价表","index":6,"n_rows":13,"n_cols":11,"rows_kept":13,"merged":[[0,0,0,9],[1,0,1,9],[2,0,2,7],[2,8,2,9],[3,0,4,1],[3,2,4,2],[3,3,4,3],[3,4,4,4],[3,5,4,5],[3,6,4,6],[3,7,3,9],[4,7,4,8],[5,0,5,9],[6,0,6,9],[7,0,7,9],[8,0,8,9],[9,0,9,9],[10,0,10,9],[11,0,11,9],[12,0,12,8]]}
["单价措施项目清单与计价表",{"$nulls":9},""]
["",{"$nulls":9},""]
["工程名称：福建建祥机制砂箱式变新建工程",{"$nulls":7},"第1页 共1页",null,""]
["序号",null,"项目编码","项目名称","项目特征描述","计量单位","工程量","金    额(元)",null,null,""]
[{"$nulls":7},"综合单价",null,"合价",""]
["单项工程",{"$nulls":9},"单项工程(17市政)"]
["房屋建筑与装饰工程",{"$nulls":9},"单位工程(17市政)"]
["一般土建",{"$nulls":9},"分项工程(17市政)"]
["安装工程",{"$nulls":9},"单位工程(17安装)"]
["电气工程",{"$nulls":9},"分项工程(17安装)"]
["市政工程",{"$nulls":9},"单位工程(17市政)"]
["电气工程",{"$nulls":9},"分项工程(17市政)"]
["合       计",{"$nulls":9},""]

{"sheet":"其他项目清单与计价汇总表","index":7,"n_rows":8,"n_cols":4,"rows_kept":8,"merged":[[0,0,0,3],[1,0,1,3],[2,0,2,2],[7,0,7,1]]}
["其他项目清单与计价汇总表"]
[""]
["工程名称：福建建祥机制砂箱式变新建工程",null,null,"第1页 共1页"]
["序号","项 目 名 称","金额(元)","备注"]
["1","暂列金额",null,""]
["2","专业工程暂估价",null,""]
["3","总承包服务费",null,""]
["合    计",null,null,"——"]

{"sheet":"暂列金额明细表","index":8,"n_rows":12,"n_cols":5,"rows_kept":12,"merged":[[0,0,0,4],[1,0,1,4],[2,0,2,2],[2,3,2,4],[3,2,3,3],[4,2,4,3],[5,2,5,3],[6,2,6,3],[7,2,7,3],[8,2,8,3],[9,2,9,3],[10,2,10,3],[11,0,11,1],[11,2,11,3]]}
["暂列金额明细表"]
[""]
["工程名称：福建建祥机制砂箱式变新建工程",null,null,"第1页 共1页"]
["序号","项 目 名 称","金额(元)",null,"备  注"]
["1","设计变更和现场签证暂列金额",null,null,""]
["2","优质工程增加费",null,null,""]
["3","缩短定额工期增加费",null,null,""]
["4","发包人检测费",null,null,""]
["5","工程噪音超标排污费",null,null,""]
["6","渣土收纳费",null,null,""]
["7","加固工程检测费用",null,null,""]
["合    计",{"$nulls":3},"——"]

{"sheet":"单价措施项目清单综合单价分析表","index":9,"n_rows":12,"n_cols":15,"rows_kept":12,"merged":[[0,0,0,13],[1,0,1,13],[2,0,2,11],[2,12,2,13],[3,0,4,0],[3,1,4,1],[3,2,4,2],[3,3,4,3],[3,4,4,4],[3,5,3,12],[3,13,4,13],[4,11,4,12],[5,0,5,13],[6,0,6,13],[7,0,7,13],[8,0,8,13],[9,0,9,13],[10,0,10,13],[11,0,11,13]]}
["单价措施项目清单综合单价分析表",{"$nulls":13},""]
["",{"$nulls":13},""]
["工程名称：福建建祥机制砂箱式变新建工程",{"$nulls":11},"第1页 共1页",null,""]
["序号","项目编码","项目名称及特征描述","单位","工程量","综合单价组成(元)",{"$nulls":7},"综合单价\n(元)",""]
[{"$nulls":5},"人工费","材料费","施工机具使用费","企业管理费","利润","规费","税金",null,null,""]
["单项工程",{"$nulls":13},"单项工程(17市政)"]
["房屋建筑与装饰工程",{"$nulls":13},"单位工程(17市政)"]
["一般土建",{"$nulls":13},"分项工程(17市政)"]
["安装工程",{"$nulls":13},"单位工程(17安装)"]
["电气工程",{"$nulls":13},"分项工程(17安装)"]
["市政工程",{"$nulls":13},"单位工程(17市政)"]
["电气工程",{"$nulls":13},"分项工程(17市政)"]

{"sheet":"人工、材料设备、机械汇总表","index":10,"n_rows":225,"n_cols":8,"rows_kept":225,"merged":[[0,0,0,7],[1,0,1,7],[2,0,2,5],[2,6,2,7],[43,0,43,7],[44,0,44,7],[45,0,45,5],[45,6,45,7],[82,0,82,7],[83,0,83,7],[84,0,84,5],[84,6,84,7],[125,0,125,7],[126,0,126,7],[127,0,127,5],[127,6,127,7],[160,0,160,7],[161,0,161,7],[162,0,162,5],[162,6,162,7],[200,0,200,7],[201,0,201,7],[202,0,202,5],[202,6,202,7]]}
["人工、材料设备、机械汇总表"]
[""]
["工程名称：福建建祥机制砂箱式变新建工程",{"$nulls":5},"第1页 共6页"]
["序号","工料机编码","工料机名称","规格、型号等特殊要求","单位","数量","单价","合价"]
["一","","人工","","","","",0]
["1","00010040","定额人工费","","元","","",12408.94]
["二","","材料","","","","",""]
["1","01010120","螺纹钢筋","HRB335Φ16","t",0.011,{"v":3393,"d":"3393.000"},38.26]
["2","01030001","镀锌铁丝","综合","kg",null,{"v":10.29,"d":"10.290"}]
["3","01030090","镀锌铁丝","12#","kg",{"v":0.6,"d":"0.600"},{"v":9.83,"d":"9.830"},{"v":5.9,"d":"5.90"}]
["4","01030140","镀锌铁丝","22#","kg",{"v":0.11,"d":"0.110"},{"v":11.48,"d":"11.480"},1.27]
["5","01090050","镀锌圆钢","Φ10～25","kg",null,{"v":5.33,"d":"5.330"}]
["6","01090270","圆钢","Φ8","t",0.004,{"v":3673,"d":"3673.000"},14.99]
["7","01130010","扁钢","综合","kg",3.656,3.956,14.46]
["8","01130190","镀锌扁钢","综合","kg",{"v":98.6,"d":"98.600"},5.071,{"v":500,"d":"500.00"}]
["9","01130230","镀锌扁钢","40×4","kg",null,5.071]
["10","01210010","角钢","综合","kg",3.656,3.938,{"v":14.4,"d":"14.40"}]
["11","01470020","铝绑线","Φ3.2","m",null,{"v":0.56,"d":"0.560"}]
["12","01530010","封铅","含铅65% 锡35%","kg",0.672,{"v":48.67,"d":"48.670"},32.71]
["13","01610250","铁件","综合","kg",{"v":175.48,"d":"175.480"},{"v":5.01,"d":"5.010"},879.15]
["14","02052000","(塑料)电缆保护套管橡胶圈","Φ110-167","个",{"v":12,"d":"12.000"},{"v":7.36,"d":"7.360"},88.32]
["15","02070240","橡胶垫","δ2","m2",0.056,{"v":3.27,"d":"3.270"},0.18]
["16","02130010","聚四氟乙烯带","","kg",{"v":0.4,"d":"0.400"},{"v":60.08,"d":"60.080"},24.03]
["17","02130120","三色塑料带","20mm×40m","m",{"v":1.36,"d":"1.360"},{"v":0.28,"d":"0.280"},0.38]
["18","02130150","塑料警示带","","m",{"v":31.5,"d":"31.500"},{"v":0.65,"d":"0.650"},20.48]
["19","02270001","白布","","kg",{"v":1.7,"d":"1.700"},{"v":25.11,"d":"25.110"},42.69]
["20","02270260","棉纱","","kg",0.639,{"v":5.29,"d":"5.290"},3.38]
["21","02270270","棉纱头","","kg",null,{"v":5.48,"d":"5.480"}]
["22","02290001","麻绳","","kg",{"v":0.9,"d":"0.900"},{"v":4.38,"d":"4.380"},3.94]
["23","03012300","不锈钢膨胀螺栓","","个",{"v":25.2,"d":"25.200"},{"v":0.89,"d":"0.890"},22.43]
["24","03015460","膨胀螺栓","M10","套",{"v":8.96,"d":"8.960"},{"v":0.93,"d":"0.930"},8.33]
["25","03130280","焊锡丝","","kg",{"v":0.76,"d":"0.760"},{"v":92.04,"d":"92.040"},69.95]
["26","03130340","电焊条","结422","kg",5.904,{"v":6.73,"d":"6.730"},39.73]
["27","03130410","电焊条","Φ3.2","kg",0.197,{"v":6.68,"d":"6.680"},1.32]
["28","03130650","焊锡膏","","kg",0.152,{"v":36.99,"d":"36.990"},5.62]
["29","03130850","冲击钻头","Φ12","只",0.056,{"v":8.85,"d":"8.850"},{"v":0.5,"d":"0.50"}]
["30","03130920","合金钻头","Φ10 一字型","个",3.049,{"v":5.47,"d":"5.470"},16.68]
["31","03130970","合金钢钻头","Φ10","个",0.112,{"v":3.66,"d":"3.660"},0.41]
["32","03131110","锯条","综合","根",{"v":0.94,"d":"0.940"},{"v":0.44,"d":"0.440"},0.41]
["33","03131120","钢锯条","","根",{"v":19.9,"d":"19.900"},{"v":0.23,"d":"0.230"},4.58]
["34","03131480","铁砂布","","张",0.075,{"v":0.88,"d":"0.880"},0.07]
["35","03131590","低碳钢焊条","综合","kg",3.849,{"v":7.1,"d":"7.100"},27.33]
["36","03131600","低碳钢焊条","J422 综合","kg",{"v":0.36,"d":"0.360"},{"v":7.1,"d":"7.100"},2.56]
["人工、材料设备、机械汇总表"]
[""]
["工程名称：福建建祥机制砂箱式变新建工程",{"$nulls":5},"第2页 共6页"]
["序号","工料机编码","工料机名称","规格、型号等特殊要求","单位","数量","单价","合价"]
["37","03131970","低合金钢焊条","E43系列","kg",{"v":0.05,"d":"0.050"},{"v":13.82,"d":"13.820"},0.69]
["38","03210660","平垫铁","综合","kg",{"v":10.5,"d":"10.500"},{"v":4.48,"d":"4.480"},47.04]
["39","04010001","水泥","32.5","kg",54.716,0.296,{"v":16.2,"d":"16.20"}]
["40","04010050","袋装水泥","32.5","kg",{"v":47.4,"d":"47.400"},0.296,14.03]
["41","04010170","散装水泥","42.5","kg",2856.242,0.287,819.74]
["42","04030120","中(细)砂","损耗2%+膨胀1.18","m3",0.078,{"v":200.92,"d":"200.920"},{"v":15.7,"d":"15.70"}]
["43","04030150","中(粗)砂","损耗2%+膨胀1.18","m3",0.078,{"v":142.18,"d":"142.180"},11.09]
["44","04030230","净干砂（机制砂）","","m3",7.256,{"v":95.12,"d":"95.120"},690.17]
["45","04050200","碎石","Φ5-10 （细石）","m3",1.475,{"v":72.56,"d":"72.560"},106.99]
["46","04050240","碎石","Φ5-31.5","m3",{"v":5.91,"d":"5.910"},{"v":72.56,"d":"72.560"},428.85]
["47","04090360","粘土膏","","m3",0.062,{"v":29.01,"d":"29.010"},1.78]
["48","04130540","烧结煤矸石普通砖","240×115×53","块",1563.408,{"v":0.42,"d":"0.420"},656.63]
["49","05030220","松木锯材","","m3",0.021,{"v":1379,"d":"1379.000"},29.26]
["50","05030650","板枋材","","m3",null,{"v":2075,"d":"2075.000"}]
["51","05050090","胶木板","","kg",null,{"v":12.03,"d":"12.030"}]
["52","13010001","调和漆","","kg",0.394,{"v":9.96,"d":"9.960"},3.92]
["53","13010150","酚醛磁漆","","kg",null,{"v":16.51,"d":"16.510"}]
["54","13010160","酚醛调和漆","","kg",0.195,{"v":11.97,"d":"11.970"},2.33]
["55","13010370","沥青清漆","","kg",0.506,{"v":10.73,"d":"10.730"},5.43]
["56","13050001","防火涂料","","kg",{"v":43.2,"d":"43.200"},{"v":8.54,"d":"8.540"},368.93]
["57","13050001","安全标示牌，当心触电","","块",{"v":4,"d":"4.000"},{"v":15,"d":"15.000"},{"v":60,"d":"60.00"}]
["58","13050001","名称牌，14*60，不锈钢（反光）","","块",{"v":1,"d":"1.000"},{"v":120,"d":"120.000"},{"v":120,"d":"120.00"}]
["59","13050001","接线图版，297*210","","块",{"v":1,"d":"1.000"},{"v":140,"d":"140.000"},{"v":140,"d":"140.00"}]
["60","13050001","安全标识牌，禁止合闸，有人工作","","块",{"v":6,"d":"6.000"},{"v":15,"d":"15.000"},{"v":90,"d":"90.00"}]
["61","13050001","安全标识牌，禁止合闸，线路有人工作","","块",{"v":6,"d":"6.000"},{"v":15,"d":"15.000"},{"v":90,"d":"90.00"}]
["62","13050001","安全标识牌，安全标识牌","","块",{"v":6,"d":"6.000"},{"v":15,"d":"15.000"},{"v":90,"d":"90.00"}]
["63","13050001","安全标识牌，止步、高压危险","","块",{"v":6,"d":"6.000"},{"v":15,"d":"15.000"},{"v":90,"d":"90.00"}]
["64","13050001","开关标识牌，白底红字，字体30*20cm","","块",{"v":10,"d":"10.000"},{"v":15,"d":"15.000"},{"v":150,"d":"150.00"}]
["65","13050060","防锈漆","C53-1","kg",null,{"v":9.61,"d":"9.610"}]
["66","13050070","防锈漆","红丹","kg",{"v":0.3,"d":"0.300"},{"v":12.36,"d":"12.360"},3.71]
["67","13050100","醇酸防锈漆","C53-1","kg",null,{"v":8.92,"d":"8.920"}]
["68","13050220","沥青绝缘漆","","kg",0.056,{"v":13.27,"d":"13.270"},0.74]
["69","13310050","石油沥青","10#","kg",3.113,{"v":2.96,"d":"2.960"},9.21]
["70","13350660","聚氨酯发泡密封胶","750ml/支","支",0.363,{"v":11.95,"d":"11.950"},4.34]
["71","13410030","嵌缝料","","kg",0.284,{"v":4.47,"d":"4.470"},1.27]
["人工、材料设备、机械汇总表"]
[""]
["工程名称：福建建祥机制砂箱式变新建工程",{"$nulls":5},"第3页 共6页"]
["序号","工料机编码","工料机名称","规格、型号等特殊要求","单位","数量","单价","合价"]
["72","14030060","汽油","92#","kg",2.048,{"v":9.7,"d":"9.700"},19.87]
["73","14030080","汽油","100#","kg",{"v":14.5,"d":"14.500"},{"v":8.07,"d":"8.070"},117.02]
["74","14090010","电力复合酯","综合","kg",0.288,{"v":25.4,"d":"25.400"},7.32]
["75","14330001","丙酮","","kg",1.519,{"v":6.64,"d":"6.640"},10.09]
["76","14330190","硬脂酸","一级","㎏",0.056,{"v":7.53,"d":"7.530"},0.42]
["77","14351200","金属清洁剂","","kg",{"v":1.38,"d":"1.380"},{"v":6.42,"d":"6.420"},8.86]
["78","14410090","玻璃胶","350g","支",0.158,{"v":12.96,"d":"12.960"},2.05]
["79","14410430","氯丁粘接剂","","kg",0.053,{"v":14.76,"d":"14.760"},0.78]
["80","17250820","硬塑料管","Φ150","m",{"v":2.27,"d":"2.270"},{"v":80.61,"d":"80.610"},182.98]
["81","17253170","塑料排水管","Φ200","m",3.972]
["82","17253730","PVC-U排水管","Φ200","m",null,{"v":48.56,"d":"48.560"}]
["83","18037100","固定卡子","Φ90","个",{"v":4.12,"d":"4.120"},{"v":2.52,"d":"2.520"},10.38]
["84","27060040","角钢接地极","50×5 2.5m","根",{"v":8.4,"d":"8.400"},58.841,494.26]
["85","27060040","角钢接地极","50×5 2.5m","根",{"v":2.1,"d":"2.100"},47.091,98.89]
["86","27060130","接地母线","","m",9.135,{"v":6.47,"d":"6.470"},{"v":59.1,"d":"59.10"}]
["87","27060130","接地母线","","m",51.765,12.077,625.16]
["88","27060130","接地母线","50*5","m",{"v":30.45,"d":"30.450"},9.898,301.39]
["89","27060140","钢接地母线","","m",9.541,16.857,160.83]
["90","27170040","自粘性橡胶带","25×20000","卷",0.894,{"v":22.12,"d":"22.120"},19.78]
["91","27170180","电气绝缘胶带","18mm×10m×0.13mm","卷",{"v":1.1,"d":"1.100"},{"v":4.42,"d":"4.420"},4.86]
["92","28010390","镀锡裸铜软绞线","TJRX 16MM2","kg",{"v":0.4,"d":"0.400"},{"v":38.05,"d":"38.050"},15.22]
["93","28031960","铜芯聚氯乙烯绝缘电线","BV-4","m",{"v":5.46,"d":"5.460"},{"v":2.62,"d":"2.620"},14.31]
["94","28032120","铜芯橡皮绝缘电线","BX-2.5","m",1.787,{"v":3.29,"d":"3.290"},5.88]
["95","28110020","电力电缆","AC10kV，YJV，50，3，22，ZC,无阻水","m",{"v":56.56,"d":"56.560"},{"v":141.68,"d":"141.680"},8013.42]
["96","29060020","钢管保护管","Φ40×400","根",{"v":3.9,"d":"3.900"},{"v":3.88,"d":"3.880"},15.13]
["97","29060190","管枕","Φ167","副",{"v":30.6,"d":"30.600"}]
["98","29060570","(塑料)电缆保护套管MPP","Φ110-167","m",{"v":66,"d":"66.000"},{"v":98.75,"d":"98.750"},{"v":6517.5,"d":"6517.50"}]
["99","29070610","10kV电缆终端","3*50，户内冷缩，铜","套",{"v":2.04,"d":"2.040"},{"v":160,"d":"160.000"},{"v":326.4,"d":"326.40"}]
["100","29090310","铜接线端子","DT-16","个",{"v":2.04,"d":"2.040"},{"v":3.54,"d":"3.540"},7.22]
["101","29090340","铜接线端子","DT-50","个",{"v":6.12,"d":"6.120"},{"v":8.85,"d":"8.850"},54.16]
["102","29210110","镀锌Ｕ形抱箍","","套",{"v":2.01,"d":"2.010"},{"v":29.25,"d":"29.250"},58.79]
["103","29250020","镀锌电缆吊挂","3.0×50","套",3.976,{"v":30.17,"d":"30.170"},119.96]
["104","29250090","镀锌电缆卡子","2×35","套",13.104,{"v":3.15,"d":"3.150"},41.28]
["105","34090130","金刚石刀片","","片",0.127,{"v":386.36,"d":"386.360"},49.02]
["106","34110030","电","","kW·h",1.856,0.648,{"v":1.2,"d":"1.20"}]
["107","34110080","水","","m3",7.624,{"v":3.11,"d":"3.110"},23.71]
["108","34130010","标志牌","塑料扁形","个",{"v":3.36,"d":"3.360"},{"v":0.88,"d":"0.880"},2.96]
["109","35010140","胶合板","18厚、一级、酚醛","m2",0.902,{"v":31.4,"d":"31.400"},28.33]
["110","35030030","固定底座","","个.月",1.277,{"v":0.62,"d":"0.620"},0.79]
["人工、材料设备、机械汇总表"]
[""]
["工程名称：福建建祥机制砂箱式变新建工程",{"$nulls":5},"第4页 共6页"]
["序号","工料机编码","工料机名称","规格、型号等特殊要求","单位","数量","单价","合价"]
["111","35030050","可调托座","","个.月",1.266,{"v":1.15,"d":"1.150"},1.46]
["112","35030080","钢管","Φ48.3×3.6","t.月",0.027,{"v":128.32,"d":"128.320"},3.46]
["113","35030200","扣件","","个.月",7.544,{"v":0.26,"d":"0.260"},1.96]
["114","35050080","井盖安全防护网","","个",{"v":1.05,"d":"1.050"},{"v":22.39,"d":"22.390"},23.51]
["115","35050080","井盖安全防护网","","个",{"v":2.1,"d":"2.100"},{"v":22.39,"d":"22.390"},47.02]
["116","36010120","混凝土井盖井座","玻璃钢纤维井盖1200*800","套",{"v":1,"d":"1.000"},{"v":683.76,"d":"683.760"},683.76]
["117","36010260","铸铁井盖井座","1500*750","套",{"v":2,"d":"2.000"},{"v":800,"d":"800.000"},{"v":1600,"d":"1600.00"}]
["118","36090001","广场砖","100×100","m2",2.365,{"v":65.05,"d":"65.050"},153.86]
["119","36210170","标志桩","复合材料","根",{"v":2,"d":"2.000"},{"v":32.05,"d":"32.050"},{"v":64.1,"d":"64.10"}]
["120","37090001","钢垫板","","kg",null,{"v":5.31,"d":"5.310"}]
["121","49010030","其他材料费","","%",27.911,{"v":1,"d":"1.000"},27.91]
["122","49010030","其他材料费","","%",144.689,{"v":1,"d":"1.000"},144.69]
["123","49010040","其他材料费","","元",3.512,{"v":1,"d":"1.000"},3.51]
["124","49010040","其他材料费","","元",{"v":30.24,"d":"30.240"},{"v":1,"d":"1.000"},30.24]
["125","49011001","箱式变围栏","","m2",{"v":24.4,"d":"24.400"},{"v":400,"d":"400.000"},{"v":9760,"d":"9760.00"}]
["126","49011038","LJG2-15/19,高压电缆上杆,梢径190,杆高15m,柱上断路器开关,单路出线","","kg",67.938,{"v":8.6,"d":"8.600"},584.27]
["127","80010020","水泥砂浆","1:2(32.5)","m3",0.056,350.589,19.63]
["128","80010020","水泥砂浆","1:2(32.5)","m3",0.028,350.589,9.82]
["129","80010340","干硬性水泥砂浆","1:3","m3",0.069,{"v":290.6,"d":"290.600"},20.01]
["130","80010350","现拌砌筑砂浆","M5(42.5) 砂子4.75mm 稠度50~70mm","m3",{"v":0.05,"d":"0.050"},{"v":149.56,"d":"149.560"},7.48]
["131","80010460","现拌抹灰砂浆","1:1 M55(42.5) 砂子4.75mm 稠度50~70mm","m3",0.005,450.068,2.19]
["132","80010490","现拌抹灰砂浆","1:2.5 M40(42.5) 砂子4.75mm 稠度50~70mm","m3",0.076,250.946,19.14]
["133","80010490","现拌抹灰砂浆","1:2.5 M40(42.5) 砂子4.75mm 稠度50~70mm","m3",0.063,250.946,15.74]
["134","80010500","现拌抹灰砂浆","1:3 M30(42.5) 砂子4.75mm 稠度50~70mm","m3",0.139,225.116,{"v":31.2,"d":"31.20"}]
["135","80010500","现拌抹灰砂浆","1:3 M30(42.5) 砂子4.75mm 稠度50~70mm","m3",0.169,225.116,37.93]
["136","80050150","现拌混合砂浆","M5(42.5)","m3",0.586,138.707,81.28]
["137","80110110","素水泥浆","","m3",0.006,445.525,2.53]
["138","80210345","现拌普通混凝土","C15(42.5) 碎石31.5mm 塌落度10-30mm","m3",3.093,177.883,550.12]
["139","80210350","现拌普通混凝土","C20(42.5) 碎石31.5mm 塌落度10-30mm","m3",3.283,{"v":184.93,"d":"184.930"},607.03]
["140","80210355","现拌普通混凝土","C25(42.5) 碎石31.5mm 塌落度10-30mm","m3",1.216,194.125,236.06]
["141","80210360","现拌普通混凝土","C30(42.5) 碎石31.5mm 塌落度10-30mm","m3",0.129,199.735,25.82]
["人工、材料设备、机械汇总表"]
[""]
["工程名称：福建建祥机制砂箱式变新建工程",{"$nulls":5},"第5页 共6页"]
["序号","工料机编码","工料机名称","规格、型号等特殊要求","单位","数量","单价","合价"]
["142","80213200","现拌普通混凝土","C15(42.5) 碎石10mm(细石) 塌落度30-50mm","m3",2.333,188.506,{"v":439.8,"d":"439.80"}]
["143","80216185","预拌混凝土","4.5MPa","m3",4.528,{"v":299.15,"d":"299.150"},{"v":1354.6,"d":"1354.60"}]
["三","","设备","","","","",""]
["1","79011001","10kV箱式变电站,S20-250KVA,美式,硅钢片,普通，终端型","","台",{"v":1,"d":"1.000"},{"v":92920.35,"d":"92920.350"},92920.35]
["四","","施工机具","","","","",""]
["1","98030050","数字电桥","","台班",0.841,{"v":63.76,"d":"63.760"},53.62]
["2","98050020","电容分压器交直流高压测量系统","TPFRC","台班",{"v":0.3,"d":"0.300"},{"v":122.39,"d":"122.390"},36.72]
["3","98050110","万用表","手持式","台班",6.309,{"v":6.83,"d":"6.830"},43.09]
["4","98050210","相序表","","台班",1.179,{"v":4.05,"d":"4.050"},4.77]
["5","98070110","直流高压发生器","","台班",0.219,{"v":110.6,"d":"110.600"},24.22]
["6","98110010","变压器绕组变形测试仪","","台班",{"v":0.94,"d":"0.940"},{"v":52.96,"d":"52.960"},49.78]
["7","98110020","变压器直流电阻测试仪","","台班",0.297,{"v":20.01,"d":"20.010"},5.94]
["8","98110100","高压绝缘电阻测试仪","","台班",6.386,{"v":39.84,"d":"39.840"},254.43]
["9","98110150","交/直流低电阻测试仪","","台班",1.262,{"v":7.91,"d":"7.910"},9.98]
["10","98110170","接地电阻测试仪","","台班",4.206,{"v":9.72,"d":"9.720"},40.88]
["11","98130010","计时/计频器/校准器","","台班",1.262,{"v":170.02,"d":"170.020"},214.57]
["12","98130030","数字频率计","","台班",1.262,{"v":30.5,"d":"30.500"},38.49]
["13","98230020","示波器","","台班",1.179,{"v":10.34,"d":"10.340"},12.19]
["14","98350001","电缆故障测试仪","","台班",5.047,{"v":24.85,"d":"24.850"},125.42]
["15","98370001","微机继电保护测试仪","","台班",0.841,{"v":213.84,"d":"213.840"},179.84]
["16","98410030","高压试验变压器配套操作箱、调压器","","台班",0.279,{"v":39.58,"d":"39.580"},11.04]
["17","98410060","全自动变比组别测试仪","","台班",1.262,{"v":18.41,"d":"18.410"},23.23]
["18","98470430","回路电阻测试仪","","台班",0.081,{"v":20.01,"d":"20.010"},1.62]
["19","98470750","光导抗干扰介损测量仪","智能型","台班",0.099,{"v":38.73,"d":"38.730"},3.83]
["20","99010130","轮胎式单斗挖掘机","液压 斗容量0.6m3","台班",0.203,762.616,155.11]
["21","99050090","双锥反转出料混凝土搅拌机","出料容量500L","台班",0.232,337.333,78.14]
["22","99050210","灰浆搅拌机","拌筒容量200L","台班",0.123,148.479,18.22]
["23","99050660","混凝土磨光机","","台班",0.119,17.413,2.07]
["24","99050670","混凝土振动梁","","台班",0.119,22.996,2.74]
["25","99050880","混凝土抹平机","功率 5.5kW","台班",0.017,21.508,0.36]
["26","99070030","履带式推土机","功率75kW","台班",0.022,891.506,19.84]
["27","99070510","载货汽车","装载质量4t","台班",0.164,526.938,86.31]
["28","99070520","载货汽车","装载质量5t","台班",0.551,{"v":547.42,"d":"547.420"},301.63]
["29","99070530","载货汽车","装载质量6t","台班",0.007,567.906,4.14]
["30","99070610","自卸汽车","装载质量4t","台班",{"v":0.57,"d":"0.570"},{"v":615.47,"d":"615.470"},351.05]
["31","99070870","机动翻斗车","装载质量1t","台班",0.017,269.255,4.64]
["人工、材料设备、机械汇总表"]
[""]
["工程名称：福建建祥机制砂箱式变新建工程",{"$nulls":5},"第6页 共6页"]
["序号","工料机编码","工料机名称","规格、型号等特殊要求","单位","数量","单价","合价"]
["32","99090310","汽车式起重机","提升质量8t","台班",0.548,821.851,450.54]
["33","99110030","小型工程车","","台班",0.221,{"v":534.99,"d":"534.990"},117.97]
["34","99130280","电动夯实机","夯击能力20～62N.m","台班",3.706,{"v":27.16,"d":"27.160"},100.66]
["35","99130610","混凝土路面锯缝机","不含刀片","台班",0.305,22.475,6.86]
["36","99170010","钢筋调直机","直径40mm","台班",0.002,{"v":28.86,"d":"28.860"},0.05]
["37","99170020","钢筋切断机","直径40mm","台班",0.001,38.439,0.05]
["38","99170040","钢筋弯曲机","直径40mm","台班",0.004,23.676,0.09]
["39","99191220","台式砂轮机","","台班",0.005,{"v":46,"d":"46.000"},0.23]
["40","99210001","木工圆锯机","直径500mm","台班",0.039,23.676,0.93]
["41","99250001","交流弧焊机","容量21kVA","台班",2.773,53.675,148.82]
["42","99250110","直流弧焊机","容量 32kV·A","台班",0.616,{"v":82.53,"d":"82.530"},50.85]
["43","99250150","对焊机","容量75kVA","台班",0.001,100.916,{"v":0.1,"d":"0.10"}]
["44","99250590","交流电焊机","容量21kVA","台班",0.103,{"v":60.84,"d":"60.840"},6.29]
["45","99330060","风动凿岩机","手持式","台班",1.013,11.151,11.29]
["46","99330260","电动路面破碎机","","台班",0.508,{"v":18.4,"d":"18.400"},9.35]
["47","99390040","试验变压器","YDQ 充气式","台班",{"v":0.18,"d":"0.180"},{"v":56.58,"d":"56.580"},10.18]
["48","99430270","内燃空气压缩机","排气量6m3/min","台班",0.565,{"v":390.18,"d":"390.180"},220.32]
["49","99440010","电动单级离心清水泵","出口直径Φ100","台班",0.002,31.076,0.07]
["50","99450550","其他机械费","","元",0.762,{"v":1,"d":"1.000"},0.76]
["51","99450610","机动绞磨","3t","台班",0.055,{"v":117.69,"d":"117.690"},{"v":6.5,"d":"6.50"}]
["52","99450790","电焊条烘干箱","容积450×350×450","台班",null,15.749,0.01]